Storia della orbis-Universalia (La) cattolici e neorealismo (Record no. 93318)
[ view plain ]
| 000 -LEADER | |
|---|---|
| fixed length control field | 02112nam a2200313Ia 4500 |
| 001 - CONTROL NUMBER | |
| control field | H6754 |
| 003 - CONTROL NUMBER IDENTIFIER | |
| control field | IT-RoPAU |
| 008 - FIXED-LENGTH DATA ELEMENTS--GENERAL INFORMATION | |
| fixed length control field | 130308s9999 xx 000 0 und d |
| 040 ## - CATALOGING SOURCE | |
| Original cataloging agency | IT-RoPAU |
| 040 ## - CATALOGING SOURCE | |
| Transcribing agency | IT-RoPAU |
| 041 ## - LANGUAGE CODE | |
| Language code of text/sound track or separate title | ITALIANO |
| 100 ## - MAIN ENTRY--PERSONAL NAME | |
| Personal name | Lonero Emilio |
| 100 ## - MAIN ENTRY--PERSONAL NAME | |
| Miscellaneous information | Codice Aut. SPICS: 51695 |
| 245 ## - TITLE STATEMENT | |
| Title | Storia della orbis-Universalia (La) cattolici e neorealismo |
| 245 ## - TITLE STATEMENT | |
| Remainder of title | Storia della Orbis-Universalia (La) cattolici e Neorealismo |
| 250 ## - EDITION STATEMENT | |
| Edition statement | 1a ed. |
| 260 ## - PUBLICATION, DISTRIBUTION, ETC. (IMPRINT) | |
| Place of publication, distribution, etc. | CANTALUPA (TORINO) |
| 260 ## - PUBLICATION, DISTRIBUTION, ETC. (IMPRINT) | |
| Name of publisher, distributor, etc. | Effata' |
| 260 ## - PUBLICATION, DISTRIBUTION, ETC. (IMPRINT) | |
| Date of publication, distribution, etc. | 2004 [1° Ed.:2004 - Ed.Ling.Originale:2004] |
| 300 ## - PHYSICAL DESCRIPTION | |
| Extent | "208 p. (prefazione: no ; testo: 208 [pagine: 0-0])" |
| 500 ## - GENERAL NOTE | |
| General note | "Cinema Italiano dal 1930 al 1950: Cinema Italiano Alla vigilia seconda Guerra Mondiale (1930 1943); Tragedia della Guerra, Ricostruzione, 18 Aprile '48 (1945 1950); Ripresa, 1 paese Diviso tra Politica e Fermento Culturale; Confronto Politico tra Fine Guerra e Era Centrismo; Dalla liberazione Alla Repubblica; Vita Ricomincia, mutamenti Sociali, battaglie Culturali, Spartiacque Storico del 18 Aprile 1948; Anni 1948 1952 Italia del miracolo Economico. Ricominciamo Cinema, Alba Cinema Cattolico: Pastor Angelicus, Primo passo Verso Produzione; passaggio dal Documentario al Film; Difficoltà ed Ostacoli al Progetto; Ultimi, Convulsi giorni Verso la Orbis; Film Orbis Spa;Progetti Artistici ed Assetti Societari; piano Lavorazione Film Angeli Neri; Testimone; Gennaio 1945, inizio ufficiale Produzione; Ultimi Dettagli Opere in Programma; Segno del Cambiamento; Universalia Film Spa; Progetti Dopo Daniele Cortis; terra Trema; Fabiola; Guarany e Transizione Verso Fine Diun'Epoca; 1950 ed Oltre. Orbis Universalia e Rilancio Economico Cinema Italiano: produzioni Orbis; Universalia. Orbis Universalia e Neorealismo. Testimonianze: Suso Cecchi D'Amico; Carlo Lizzani; Turi Vasile. documentazione Iconografica. Bibliografia." |
| 650 ## - SUBJECT ADDED ENTRY--TOPICAL TERM | |
| Topical term or geographic name as entry element | STORIA NAZIONALE DEL CINEMA |
| 650 ## - SUBJECT ADDED ENTRY--TOPICAL TERM | |
| Relator term | Codice materia Spics: 6809 |
| 700 ## - ADDED ENTRY--PERSONAL NAME | |
| Personal name | Anziano Aldo |
| 700 ## - ADDED ENTRY--PERSONAL NAME | |
| Miscellaneous information | Codice Aut. SPICS: 58661 |
| 942 ## - ADDED ENTRY ELEMENTS (KOHA) | |
| Koha item type | LIBRO |
| 957 ## - | |
| -- | 1 |
| 999 ## - SYSTEM CONTROL NUMBERS (KOHA) | |
| -- | 1 |
| Withdrawn status | Lost status | Damaged status | Not for loan | Home library | Current library | Date acquired | Total Checkouts | Full call number | Date last seen | Price effective from | Koha item type | Public note |
|---|---|---|---|---|---|---|---|---|---|---|---|---|
| Buone Condizioni | Not For Loan | SPICS-MEDIATECA | SPICS-MEDIATECA | 08/03/2013 | H6754 | 08/03/2013 | 08/03/2013 | LIBRO | Progressivo inserimento: 38631 / N. Volumi: 1 Copie: 1 / data import: 1 marzo 2013 - By Epidotti, Trombetti, Vaglietti. |